000 00258nam a2200097Ia 4500
001 987653
005 20250826221123.0
008 250824s9999 xx 000 0 und d
245 0 _aDahiler Sınıfı-Nikola Tesla
_cDaniele Aristarco
260 _bDomingo Yayınevi
999 _c987653
_d987653